Amazing numbers in biology / (Record no. 10631)

MARC details
000 -LEADER
fixed length control field 01151cam a22003377i 4500
001 - CONTROL NUMBER
control field 14191603
003 - CONTROL NUMBER IDENTIFIER
control field EG-ScBUE
005 - DATE AND TIME OF LATEST TRANSACTION
control field 20260308091027.0
008 - FIXED-LENGTH DATA ELEMENTS--GENERAL INFORMATION
fixed length control field 051207t2006 gw a frb 001 0 eng d
020 ## - INTERNATIONAL STANDARD BOOK NUMBER
International Standard Book Number 3540301461 (English ed. : pbk.)
020 ## - INTERNATIONAL STANDARD BOOK NUMBER
International Standard Book Number 9783540301462
035 ## - SYSTEM CONTROL NUMBER
System control number (OCoLC)ocm65427543
040 ## - CATALOGING SOURCE
Original cataloging agency EG-ScBUE
Language of cataloging eng
Description conventions rda
Transcribing agency EG-ScBUE
Modifying agency EG-ScBUE
041 1# - LANGUAGE CODE
Language code of text/sound track or separate title eng
Language code of original and/or intermediate translations of text ger
082 04 - DEWEY DECIMAL CLASSIFICATION NUMBER
Classification number 570.21
Item number FLI
Edition number 22
100 1# - MAIN ENTRY--PERSONAL NAME
Personal name Flindt, Rainer,
Relator term author.
240 10 - UNIFORM TITLE
Uniform title <a href="Biologie in Zahlen.">Biologie in Zahlen.</a>
Language of a work English
245 10 - TITLE STATEMENT
Title Amazing numbers in biology /
Statement of responsibility, etc Rainer Flindt ; translated by Neil Solomon.
264 #1 - PUBLICATION, DISTRIBUTION, ETC. (IMPRINT)
Place of publication, distribution, etc Berlin :
Name of publisher, distributor, etc Springer-Verlag,
Date of publication, distribution, etc [2006]
264 #4 - PUBLICATION, DISTRIBUTION, ETC. (IMPRINT)
Date of publication, distribution, etc c2006
300 ## - PHYSICAL DESCRIPTION
Extent xiv, 295 pages :
Other physical details illustrations ;
Dimensions 24 cm
336 ## - CONTENT TYPE
Source rdacontent
Content type term text
Content type code txt
337 ## - MEDIA TYPE
Media type term unmediated
Source rdamedia
Media type code n
338 ## - CARRIER TYPE
Carrier type term volume
Carrier type code nc
Source rdacarrier
500 ## - GENERAL NOTE
General note "Translation of the 6th German Edition of Biologie in Zahlen"--T.p. verso.
504 ## - BIBLIOGRAPHY, ETC. NOTE
Bibliography, etc Includes bibliographical references and index.<br/>
546 ## - LANGUAGE NOTE
Language note Text in English ; translated from the original German language.<br/>
650 #7 - SUBJECT ADDED ENTRY--TOPICAL TERM
Topical term or geographic name as entry element Biometry.
Source of heading or term BUEsh
655 ## - INDEX TERM--GENRE/FORM
Form subdivision Reading book
942 ## - ADDED ENTRY ELEMENTS (KOHA)
Source of classification or shelving scheme Dewey Decimal Classification
Koha item type Book - Borrowing
Holdings
Withdrawn status Lost status Source of classification or shelving scheme Damaged status Not for loan Collection code Home library Current library Shelving location Date acquired Source of acquisition Cost, normal purchase price Serial Enumeration / chronology Total Checkouts Full call number Barcode Date last seen Price effective from Koha item type
    Dewey Decimal Classification     Alahram Central Library Central Library First floor 03/02/2009   254.60 6477   570.21 FLI 000014461 15/07/2025 03/02/2009 Book - Borrowing